000 00435nam a2200169Ia 4500
005 20251020182608.0
008 200515s9999 xx 000 0 und d
082 _aSC/546/C75
100 _aCOOPER, D.G.
245 0 _aLa tabla periódica
260 _aBarcelona
260 _c1976
300 _a125
520 _aMonografía concisa y legible sobre la tabla periódica y su aplicación
650 _aTABLA PERIODICA
942 _cLIB
999 _c3247
_d3247